Software engineering: a practitioners approach. / (Record no. 8488)
[ view plain ]
| 000 -LEADER | |
|---|---|
| fixed length control field | 01730nam a22002297a 4500 |
| 003 - CONTROL NUMBER IDENTIFIER | |
| control field | OSt |
| 005 - DATE AND TIME OF LATEST TRANSACTION | |
| control field | 20220126130535.0 |
| 008 - FIXED-LENGTH DATA ELEMENTS--GENERAL INFORMATION | |
| fixed length control field | 120627t xxu||||| |||| 00| 0 eng d |
| 020 ## - INTERNATIONAL STANDARD BOOK NUMBER | |
| International Standard Book Number | 9780071267823 |
| 020 ## - INTERNATIONAL STANDARD BOOK NUMBER | |
| International Standard Book Number | 0071267824 |
| 040 ## - CATALOGING SOURCE | |
| Transcribing agency | LC |
| 050 ## - LIBRARY OF CONGRESS CALL NUMBER | |
| Classification number | QA76.758.P75 |
| 100 ## - MAIN ENTRY--PERSONAL NAME | |
| Personal name | Pressman, Roger S. |
| 245 ## - TITLE STATEMENT | |
| Title | Software engineering: a practitioners approach. / |
| Statement of responsibility, etc. | Roger S. Pressman. |
| 250 ## - EDITION STATEMENT | |
| Edition statement | 7th ed. |
| 260 ## - PUBLICATION, DISTRIBUTION, ETC. | |
| Place of publication, distribution, etc. | Boston: |
| Name of publisher, distributor, etc. | McGraw-Hill, |
| Date of publication, distribution, etc. | 2010. |
| 300 ## - PHYSICAL DESCRIPTION | |
| Extent | xxviii, 895 p.: |
| Other physical details | ill,; |
| Dimensions | 24cm. |
| 500 ## - GENERAL NOTE | |
| General note | Includes index. |
| 505 ## - FORMATTED CONTENTS NOTE | |
| Formatted contents note | Contents: The Software process: Process models -- Agile development -- Modelling: Principles that guide practice -- Understanding requirements -- Requirements modeling: scenarios, information and analysis classes -- Requirements modeling: flow, behavior, patterns and webApps -- Design concepts -- Architectural design -- Component-level design -- User interface design -- Pattern-based design -- WebApp design -- Quality management: Quality concepts -- Review techniques -- Software quality assurance -- Software testing strategies -- Testing conventional applications -- Testing object-oriented applications -- Testing web applications -- Formal modeling and verification -- Software configuration management -- Product metrics -- Managing software projects: Project management concepts -- Process metrics -- Managing software projects: Project management concepts -- Process and project metrics -- Estimation for software projects -- Project scheduling -- Risk management -- Maintenance and reengineering -- Advanced topics: Software process improvement -- Emerging trends in software engineering -- Concluding comments -- |
| 650 ## - SUBJECT ADDED ENTRY--TOPICAL TERM | |
| Form subdivision | Software engineering |
| 942 ## - ADDED ENTRY ELEMENTS (KOHA) | |
| Source of classification or shelving scheme | Library of Congress Classification |
| Koha item type | Books |
| Withdrawn status | Lost status | Source of classification or shelving scheme | Damaged status | Not for loan | Home library | Current library | Shelving location | Date acquired | Source of acquisition | Full call number | Barcode | Date last seen | Copy number | Price effective from | Koha item type | Total Checkouts |
|---|---|---|---|---|---|---|---|---|---|---|---|---|---|---|---|---|
| Library of Congress Classification | WISCONSIN INTERNATIONAL UNIVERSITY COLLEGE, GHANA KUMASI LIBRARY | WISCONSIN INTERNATIONAL UNIVERSITY COLLEGE, GHANA KUMASI LIBRARY | General Stacks | 14/11/2019 | WIUC | QA76.758.P75(7e) | K/2280/2280/19 | 26/01/2022 | 1 | 26/01/2022 | Books | |||||
| Library of Congress Classification | WISCONSIN INTERNATIONAL UNIVERSITY COLLEGE, GHANA KUMASI LIBRARY | WISCONSIN INTERNATIONAL UNIVERSITY COLLEGE, GHANA KUMASI LIBRARY | General Stacks | 14/11/2019 | WIUC | QA76.758.P751(7e) | K/2281/2281/19 | 26/01/2022 | 2 | 26/01/2022 | Books | |||||
| Library of Congress Classification | WISCONSIN INTERNATIONAL UNIVERSITY COLLEGE, GHANA KUMASI LIBRARY | WISCONSIN INTERNATIONAL UNIVERSITY COLLEGE, GHANA KUMASI LIBRARY | General Stacks | 14/11/2019 | WIUC | QA76.758.P752(7e) | K/2282/2282/19 | 26/01/2022 | 3 | 26/01/2022 | Books |
